1840 1000 1126 1218 1644 1249 1335 1607 1447 1300 1027 1802 1622 1048 1148 1377 1127 1398 1847 1872 1482 1165 1726 1961 1920 1505 1333 1372 1361 1883 1737 1497 1637 1118 1512 1974 1111 1812 1913 1009 1032 1779 1821 1321 1572 1692 1463 1173 1084 1583 1282 1591 1696 1230 1175 1440 1754 1574 1370 1757 1098 1251 1638 1661 1717 1319 1800 1392 1313 1103 1862 1696 1762 1189 1164 1073 1395 1824 1749 1756 1728 1464 1985 1023 1478 1787 1669 1956 1753 1561 1092 1179 1959 1521 1488 1172 1350 1744 1492 BCNSPRNW ULIB Ver.6.0+V

เปลี่ยนเป็นภาษาไทย

Change to English
 แสดงรายละเอียดบรรณานุกรม
  กลับหน้าหลัก

Brief Record : Get Marc (ISO 2709) : E-mail record : QR code < ปิดหน้าต่าง
LEADER : 00000nam 2200000uu 4500
001    13399113018
003     ULIB
008    110921s2548||||th 000 0 tha d
020    9749173899
041 0  tha/eng
050  4 PE1131^bป312บ 2548
100 0  ประพิศ พงศ์พานิช
245 10 บทสนทนาภาษาอังกฤษสำหรับบุคลากรทางการแพทย์.^nbook one =^bEnglish for the medical profession : doctors, nurses,students, everyone involved in health care /^c[คณะผู้จัดทำ, ประพิศ พงษ์พานิช, บ็อบ ก็อดสัน]
246 14 English for the medical profession in patients :^bบทสนทนาภาษาอังกฤษสำหรับบุคลากรทางการแพทย์
246 31 English for the medical profession : doctors, nurses,students, everyone involved in health care
250    พิมพ์ครั้งที่ 4
260    กรุงเทพฯ :^bโรงพยาบาลบีเอ็นเอช(บางกอกเนอสซิ่งโฮม),^c2548
300    103 หน้า :^bภาพประกอบ ;^c22 ซม.
650  4 ภาษาอังกฤษ^xบทสนทนาและวลี
653    Open Your Eyes Project
700 1  ก็อดสัน, บ็อบ
945    ^p150^l0^i023267
995    ทศพร
999 ^a ทศพร
รายการนี้ยังไม่มีแท็ก
คุณยังไม่ได้ล็อกอิน คุณสามารถมีกิจกรรมร่วมกับเว็บไซต์ได้ แต่ต้องล็อกอินก่อน ::
  ล็อกอิน

รายการสื่อสารสนเทศ

ลำดับที่ ประเภท เลขเรียก/บาร์โค้ด สถานที่ สถานะ
- ไม่พบข้อมูล -

รายการใกล้เคียง
    ผู้แต่ง [ประพิศ พงศ์พานิช]

BibComment


ยังไม่เคยถูกคอมเมนท์

คอมเมนท์ทรัพยากรรายการนี้
  คอมเมนท์: บทสนทนาภาษาอังกฤษ..


 Copyright 2026. Bcnsprnw @Library